|
|
|
|
| LEADER |
03467nam a2200397 a 4500 |
| 001 |
12624774 |
| 003 |
BD-DhAAL |
| 008 |
091122r20082007maua b 001 0 eng d |
| 010 |
|
|
|a 2001099577
|
| 020 |
|
|
|a 0070660050
|
| 020 |
|
|
|a 9780070660052
|
| 020 |
|
|
|a 0071123423 (International ed.)
|
| 040 |
|
|
|a DLC
|c DLC
|d DLC
|d BD-DhAAL
|
| 082 |
0 |
0 |
|a 330.028
|
| 100 |
1 |
|
|a Gujarati, Damodar N.
|9 711
|
| 245 |
1 |
0 |
|a Basic econometrics /
|c Damodar N. Gujarati, Sangeetha Gunasekar.
|
| 250 |
|
|
|a Fourth edition.
|
| 260 |
|
|
|a New York ;
|a New Delhi :
|b Tata McGraw Hill,
|c c2007 [reprinted 2008].
|
| 300 |
|
|
|a xxix, 1036 pages :
|b illustrations ;
|c 24 cm. +1 CD-ROM (4 3/4 in.)
|
| 504 |
|
|
|a Includes bibliographical references (p. 1013-1016) and indexes.
|
| 526 |
|
|
|x Fahmida Saadia Rahman
Senior Lecturer
Department of ESS.
Course name and no. N/A
|
| 541 |
1 |
|
|e 00019014
|a Paragon Enterprise
|
| 650 |
|
0 |
|a Econometrics.
|9 712
|
| 700 |
0 |
|
|a Gunasekar, Sangeetha.
|9 713
|
| 852 |
4 |
|
|a Ayesha Abed Library
|j General Shelf.
|
| 942 |
|
|
|2 ddc
|c BK
|
| 999 |
|
|
|c 5781
|d 5781
|
| 952 |
|
|
|0 0
|1 0
|2 ddc
|4 0
|6 330_028000000000000_GUJ
|7 0
|9 5729
|a BRACUL
|b BRACUL
|c GEN
|d 2009-11-22
|e Paragon Enterprise Ltd.
|g 784.00
|l 19
|m 195
|o 330.028 GUJ
|p 3010019014
|q 2026-05-20
|r 2026-04-25
|s 2026-04-25
|t 1
|w 2009-11-22
|y BK
|x Requisitioned by Fahmida Saadia Rahman Department of ESS. Course name and no. N/A
|
| 952 |
|
|
|0 0
|1 0
|2 ddc
|3 Need to change call number within the book ; After returning the book, please send it to cataloguing team.
|4 0
|6 330_028000000000000_GUJ
|7 0
|9 5730
|a BRACUL
|b BRACUL
|c GEN
|d 2009-11-22
|e Paragon Enterprise Ltd.
|g 784.00
|l 16
|m 90
|o 330.028 GUJ
|p 3010019016
|r 2025-05-22
|s 2025-05-13
|t 2
|w 2009-11-22
|y BK
|x Requisitioned by Fahmida Saadia Rahman Department of ESS. Course name and no. N/A
|
| 952 |
|
|
|0 0
|1 0
|2 ddc
|4 0
|6 330_028000000000000_GUJ
|7 0
|9 7214
|a BRACUL
|b BRACUL
|c GEN
|d 2010-01-14
|e Paragon Enterprise Ltd.
|g 784.00
|l 19
|m 169
|o 330.028 GUJ
|p 3010019017
|r 2025-02-08
|s 2024-10-23
|t 3
|w 2010-01-14
|y BK
|x Requisitioned by Fahmida Saadia Rahman Department of ESS. Course name and no. N/A
|
| 952 |
|
|
|0 0
|1 0
|2 ddc
|3 Need to change call number within the book ; After returning the book, please send it to cataloguing team.
|4 0
|6 330_028000000000000_GUJ
|7 0
|9 7779
|a BRACUL
|b BRACUL
|c GEN
|d 2010-02-04
|e Paragon Enterprise Ltd.
|g 784.00
|l 15
|m 188
|o 330.028 GUJ
|p 3010019013
|r 2025-05-22
|s 2025-03-03
|t 4
|w 2010-02-04
|y BK
|x Requisitioned by Fahmida Saadia Rahman Department of ESS. Course name and no. N/A
|
| 952 |
|
|
|0 0
|1 0
|2 ddc
|4 0
|6 330_028000000000000_GUJ
|7 0
|9 19912
|a BRACUL
|b BRACUL
|c GEN
|d 2012-04-05
|e Paragon Enterprise Ltd.
|g 784.00
|l 19
|m 120
|o 330.028 GUJ
|p 3010019015
|r 2025-11-23
|s 2025-11-20
|t 6
|w 2012-04-05
|y BK
|x Requisitioned by Fahmida Saadia Rahman Department of ESS. Course name and no. N/A
|
| 952 |
|
|
|0 0
|1 0
|2 ddc
|4 0
|6 330_028000000000000_GUJ
|7 0
|9 43091
|a SCL
|b SCL
|c GEN
|d 2009-11-12
|g 180.00
|l 0
|o 330.028 GUJ
|p 3020007202
|r 2014-07-10
|t 5
|w 2014-07-10
|y BK
|
| 952 |
|
|
|0 0
|1 4
|2 ddc
|4 0
|6 330_015195000000000_GUJ
|7 0
|9 62208
|a BRACUL
|b BRACUL
|c AV
|d 2009-11-22
|l 0
|o 330.015195 GUJ
|p 4010019014
|r 2017-12-07
|t 1
|w 2009-11-22
|y AV
|
| 952 |
|
|
|0 0
|1 4
|2 ddc
|4 0
|6 330_015195000000000_GUJ
|7 0
|9 62209
|a BRACUL
|b BRACUL
|c AV
|d 2010-02-04
|l 0
|o 330.015195 GUJ
|p 4010019013
|r 2017-12-07
|t 2
|w 2010-02-04
|y AV
|
| 952 |
|
|
|0 0
|1 0
|2 ddc
|4 0
|6 330_028000000000000_GUJ
|7 0
|9 77211
|a BRACUL
|b BRACUL
|c GEN
|d 2012-04-05
|e Paragon Enterprise Ltd.
|g 784.00
|l 0
|o 330.028 GUJ
|p 4010019015
|r 2025-01-16
|t 6
|w 2012-04-05
|y AV
|x Requisitioned by Fahmida Saadia Rahman Department of ESS. Course name and no. N/A
|